| 000 | 02710nam a2200289 i 4500 | ||
|---|---|---|---|
| 003 | DO-SdBNP | ||
| 005 | 20250207101102.0 | ||
| 007 | ta | ||
| 008 | 240612s2024 dr ao 000 j spa d | ||
| 020 | _a9789945943504 | ||
| 040 |
_aDO-SdBNP _bspa _cBNPHU _erda |
||
| 082 |
_bG633g _222 |
||
| 100 | 1 |
_aTejera, Eduardo J _b1947- _eautora _910749 |
|
| 245 | 1 | 0 |
_aGuía odontológica forense / _cLourdes Ysabel Gómez Jiménez ; prólogo Sergio Sarita Valdez |
| 264 | 1 |
_aSanto Domingo : _bSoto Castillo, _c2024. |
|
| 300 |
_a287 páginas, _bilustraciones, fotografías _c23 cm. |
||
| 336 |
_2rdacontent _atexto _btxt |
||
| 337 |
_2rdamedia _asin mediación _bn |
||
| 338 |
_2rdacarrier _avolumen _bnc |
||
| 504 | _aBibliografía p: 277-287. | ||
| 505 | 2 |
_tAgradecimientos -- _tPrólogo -- _tPrefacio -- _tIntroducción -- _tEspecialidades en odontología -- _tBreve historia de la odontología forense -- _tHistoria de la odontología forense en República Dominicana -- _tFenómenos cadavéricos -- _tPrincipios básicos en odontología -- _tEstructuras del sistema estomatognático -- _tTipos de dentición -- _tNomenclatura dental -- _tTrastornos del desarrollo del diente en corona y raíces hereditario y adquirido -- _tFormaciones anatómicas bucales que pueden confundirse con alteraciones patológicas -- _tMalformaciones congénitas más comunes en autopsia bucal -- _tValoración de lesiones odontológicas en clínica forense -- _tClasificación de lesiones traumáticas Dento-maxilofaciales -- _tLesiones frecuentes en odontología forense -- _tManual de autopsia bucal -- _tCarta dental -- _tIdentificación a través de la dentadura -- _tTrabajos dentales existentes más comunes en cavidad bucal observados en momento de la autopsia -- _tRadiología bucodental -- _tHuellas de mordedura humana -- _tEvidencias de marcas de mordedura -- _tMaltrato infantil -- _tEstimación de edad -- _tActuación del odontólogo en casos de desastres -- _tAntropología dental -- _tBreve historia de la morfología dental -- _tADN en los dientes -- _tResponsabilidad profesional -- _tCódigo deontológico en República Dominicana -- _tEl perito odontólogo -- _tInforme pericial -- _tLeyes dominicanas de interés -- _tRecomendaciones -- _tConclusión -- _tReferencias bibliográficas -- |
|
| 520 | _aLa guía odontológica forense está enfocada en proporcionar orientación y apoyo en el campo de la odontología forense. Nuestro objetivo principal ha sido recopilar y revisar diversas fuentes, como libros y publicaciones, para brindar una información completa y actualizada relacionada con esta área. | ||
| 590 | _aInventariado, 2024/ YL | ||
| 700 | 1 |
_a Sarita Valdez, Sergio _eprólogo _920402 |
|
| 910 | _aYLockward | ||
| 942 |
_2ddc _cLBS1 |
||
| 999 |
_c56826 _d56826 |
||